| 000 | 00777nam a2200301Ia 4500 | ||
|---|---|---|---|
| 008 | 160321s9999||||xx |||||||||||||| ||und|| | ||
| 040 | _cSanskrit | ||
| 082 | _aXVA | ||
| 082 | _bBORI-84120 | ||
| 100 | _a"Pandit Durgaprasad, Pandit Shiv Adatta" | ||
| 245 | 4 | _aThe Abhidhana Sangraha | |
| 260 | _aBombay | ||
| 260 | _bThe Nirnaya_Sagara Press | ||
| 260 | _c1889 | ||
| 300 | _a4+52+38+12+4+2 | ||
| 300 | _cC | ||
| 300 | _eHardbound | ||
| 530 | _bJoshi | ||
| 530 | _u00079388.pdf | ||
| 563 | _aReference | ||
| 600 | _a"Pandit Durgaprasad, Pandit Shiv Adatta" | ||
| 630 | _aThe Abhidhana Sangraha | ||
| 650 | _aKosa | ||
| 650 | _aReference | ||
| 700 | _a"Pandit Durgaprasad, Pandit Shiv Adatta" | ||
| 730 | _aThe Abhidhana Sangraha | ||
| 942 | _cBOOK | ||
| 999 |
_c1370890 _d1370887 |
||